[Event "Rottach Egern Seniors Cup 13th"]
[Site "Rottach Egern"]
[Date "2025.04.03"]
[Round "6"]
[White "Hager, Eberhard"]
[Black "Prause, Dieter"]
[Result "1-0"]
[WhiteElo "1756"]
[BlackElo "1833"]
[PlyCount "135"]
[EventDate "2025.03.29"]
[EventType "swiss"]
[EventRounds "9"]
[EventCountry "GER"]
[SourceTitle "CB16_2025"]
[SourceDate "2025.04.16"]
[SourceVersion "1"]
[SourceVersionDate "2025.04.16"]
[SourceQuality "1"]

1. e4 e5 2. Nf3 Nc6 3. Bc4 Bc5 4. c3 Nf6 5. d4 exd4 6. b4 Bb6 7. 0-0 0-0 8. e5 Ne4 9. b5 Na5 10. Bd3 d5 11. cxd4 Bg4 12. Be2 c6 13. bxc6 Nxc6 14. Bb2 f5 15. exf6 Qxf6 16. Nbd2 Rad8 17. Nb3 Na5 18. Nxa5 Bxa5 19. a4 Bxf3 20. Bxf3 Nd2 21. Ba3 Rf7 22. Rc1 Nxf3+ 23. Qxf3 Qxf3 24. gxf3 Rxf3 25. Be7 Rd7 26. Rc8+ Kf7 27. Rf8+ Kxe7 28. Rxf3 Bb6 29. Rd1 Rd6 30. Ra3 Rg6+ 31. Kf1 Rg4 32. a5 Bc7 33. h3 Re4 34. Re1 Rxe1+ 35. Kxe1 b6 36. axb6 Bxb6 37. Rd3 Kf6 38. Ke2 Kf5 39. Rd1 Kf4 40. Kd3 g5 41. Re1 h5 42. Re5 g4 43. Rxh5 gxh3 44. Rxh3 Kg4 45. Re3 Bc7 46. Re7 Bb6 47. Re3 Kf5 48. Re5+ Kf6 49. Rxd5 Ke6 50. Ke4 Bc7 51. Rh5 a5 52. Rc5 Kd7 53. Rc4 Bd6 54. f4 Bb4 55. f5 Bd6 56. d5 Be7 57. Ra4 Bd8 58. Ra2 Kd6 59. Rc2 Kd7 60. Kd4 Be7 61. Kc4 a4 62. Ra2 a3 63. Kb3 Kd6 64. Rxa3 Kxd5 65. Ra5+ Kc6 66. Kc4 Kd7 67. Kd5 Kc8 68. Ke6 1-0

[Event "Rottach Egern Seniors Cup 13th"]
[Site "Rottach Egern"]
[Date "2025.04.02"]
[Round "5"]
[White "Hager, Eberhard"]
[Black "Haefele, Torsten"]
[Result "1/2-1/2"]
[WhiteElo "1756"]
[BlackElo "1852"]
[PlyCount "72"]
[EventDate "2025.03.29"]
[EventType "swiss"]
[EventRounds "9"]
[EventCountry "GER"]
[SourceTitle "CB16_2025"]
[SourceDate "2025.04.16"]
[SourceVersion "1"]
[SourceVersionDate "2025.04.16"]
[SourceQuality "1"]

1. e4 d5 2. Nc3 dxe4 3. Nxe4 Bf5 4. Ng3 Bg6 5. Bc4 e6 6. Nf3 Nd7 7. 0-0 h6 8. c3 Ngf6 9. d4 c6 10. b4 b5 11. Bd3 Bxd3 12. Qxd3 Qc7 13. Bd2 Nb6 14. Ne5 0-0-0 15. Qf3 Kb7 16. Ne4 Nxe4 17. Qxe4 Bd6 18. Qe2 Bxe5 19. dxe5 Rd5 20. f4 Rhd8 21. Be1 Nc4 22. a4 Nd2 23. Bxd2 Rxd2 24. Qe4 Qb6+ 25. Kh1 bxa4 26. Rxa4 Qb5 27. Raa1 Re2 28. Qh7 Qd5 29. Qxg7 Rd7 30. Qg4 Qe4 31. h3 Rdd2 32. Rg1 h5 33. Qg5 Qd3 34. Qe7+ Qd7 35. Qc5 Kb8 36. Qf8+ Kb7 1/2-1/2

[Event "Rottach Egern Seniors Cup 12th"]
[Site "Rottach Egern"]
[Date "2024.04.08"]
[Round "3"]
[White "Hager, Eberhard"]
[Black "Simmon, Norbert"]
[Result "1-0"]
[WhiteElo "1847"]
[BlackElo "1702"]
[PlyCount "60"]
[EventDate "2024.04.06"]
[EventType "swiss"]
[EventRounds "9"]
[EventCountry "GER"]
[SourceTitle "CBM 219 Extra"]
[Source "ChessBase"]
[SourceDate "2024.05.31"]
[SourceVersion "1"]
[SourceVersionDate "2024.05.31"]
[SourceQuality "1"]

1. e4 c5 2. Nf3 Nc6 3. d4 cxd4 4. Nxd4 d6 5. Nc3 a6 6. Be3 Nf6 7. Be2 e6 8. 0-0 Be7 9. f4 Qc7 10. Qe1 b5 11. a3 Bb7 12. Bf3 0-0 13. Qf2 Nd7 14. Nxc6 Bxc6 15. Rad1 a5 16. Ne2 Nc5 17. Bxc5 dxc5 18. Kh1 Rfd8 19. e5 Bd5 20. Nc3 Qb7 21. Bxd5 exd5 22. f5 Ra6 23. Qg3 Rh6 24. f6 Bf8 25. fxg7 Bxg7 26. Qg5 Qd7 27. Rxd5 Qxd5 28. Nxd5 Rxd5 29. Qe7 Bxe5 30. Qxf7+ Kh8 1-0

[Event "Rottach Egern Seniors Cup 12th"]
[Site "Rottach Egern"]
[Date "2024.04.07"]
[Round "2"]
[White "Giacchino, Claudio"]
[Black "Hager, Eberhard"]
[Result "1-0"]
[WhiteElo "1695"]
[BlackElo "1847"]
[PlyCount "130"]
[EventDate "2024.04.06"]
[EventType "swiss"]
[EventRounds "9"]
[EventCountry "GER"]
[SourceTitle "CBM 219 Extra"]
[Source "ChessBase"]
[SourceDate "2024.05.31"]
[SourceVersion "1"]
[SourceVersionDate "2024.05.31"]
[SourceQuality "1"]

1. e4 d6 2. d4 Nf6 3. Nc3 c6 4. Nf3 Bg4 5. Be2 Nbd7 6. 0-0 e6 7. Be3 Be7 8. Qd2 0-0 9. h3 Bh5 10. Rad1 Qc7 11. Rfe1 Rfd8 12. Qc1 Bg6 13. Bd3 e5 14. g4 exd4 15. Bxd4 Ne5 16. Bxe5 dxe5 17. Kg2 Nd7 18. b4 Bxb4 19. Qb2 Ba5 20. Nh4 Nf8 21. Re3 Ne6 22. Nxg6 hxg6 23. Ne2 Nc5 24. Rf3 Nxd3 25. cxd3 Bb6 26. h4 Qe7 27. Rh3 Rd6 28. f4 exf4 29. Nxf4 Rf6 30. Rf1 Re8 31. Rff3 Bc7 32. Qd2 Qe5 33. Kg3 Qa1 34. Rh2 Rd8 35. g5 Bxf4+ 36. Rxf4 Rxf4 37. Kxf4 Qf1+ 38. Ke3 Qg1+ 39. Kf3 Qd4 40. Ke2 Qg1 41. Kf3 Qf1+ 42. Ke3 c5 43. Qc2 Qg1+ 44. Kf3 Qf1+ 45. Ke3 Qe1+ 46. Kf3 b6 47. Rf2 Qh1+ 48. Kg4 Qg1+ 49. Rg2 Qf1 50. Rg3 f5+ 51. gxf6 Qxf6 52. Rf3 Qe6+ 53. Kg3 Kh7 54. Qe2 Rd4 55. Kf4 Ra4 56. Rf2 Ra3 57. Qd2 Qh3 58. h5 Qh4+ 59. Ke5 Qg3+ 60. Ke6 gxh5 61. Rh2 g6 62. Rg2 Qh3+ 63. Ke5 Rxd3 64. Qg5 Qd7 65. Qxg6+ Kh8 1-0

[Event "Innsbruck op-B 3rd"]
[Site "Innsbruck"]
[Date "2019.08.30"]
[Round "8"]
[White "Kessler, Manuel"]
[Black "Hager, Eberhard"]
[Result "1-0"]
[WhiteElo "1697"]
[BlackElo "1782"]
[PlyCount "49"]
[EventDate "2019.08.25"]
[EventType "swiss"]
[EventRounds "9"]
[EventCountry "AUT"]
[SourceTitle "EXT 2020"]
[Source "ChessBase"]
[SourceDate "2019.10.17"]
[SourceVersion "1"]
[SourceVersionDate "2019.10.17"]
[SourceQuality "1"]

1. d4 Nf6 2. c4 e6 3. Nf3 d5 4. Nc3 c6 5. e3 Nbd7 6. Bd3 Bd6 7. e4 dxe4 8. Nxe4 Nxe4 9. Bxe4 Nf6 10. Bc2 Bb4+ 11. Bd2 Bxd2+ 12. Qxd2 0-0 13. 0-0-0 Qc7 14. Qg5 b6 15. Ne5 Bb7 16. Qh4 c5 17. Kb1 h6 18. Rhe1 cxd4 19. Rd3 Nh7 20. Rg3 Kh8 21. Qg4 Rg8 22. Qg6 Ng5 23. Qxg5 f5 24. Rh3 Kh7 25. Qg6+ 1-0

[Event "Innsbruck op-B 3rd"]
[Site "Innsbruck"]
[Date "2019.08.29"]
[Round "7"]
[White "Hager, Eberhard"]
[Black "Von Lossow, Marcus"]
[Result "1/2-1/2"]
[WhiteElo "1782"]
[BlackElo "1683"]
[PlyCount "43"]
[EventDate "2019.08.25"]
[EventType "swiss"]
[EventRounds "9"]
[EventCountry "AUT"]
[SourceTitle "EXT 2020"]
[Source "ChessBase"]
[SourceDate "2019.10.17"]
[SourceVersion "1"]
[SourceVersionDate "2019.10.17"]
[SourceQuality "1"]

1. e4 e5 2. Nf3 Nc6 3. Bc4 Bc5 4. 0-0 d6 5. c3 Nf6 6. d3 h6 7. b4 Bb6 8. Bb3 a6 9. Nbd2 0-0 10. Nc4 Ba7 11. Ne3 Ng4 12. h3 Nxe3 13. Bxe3 Bxe3 14. fxe3 Be6 15. Bxe6 fxe6 16. Qe1 Rf6 17. Qg3 Kh7 18. Nh2 Rxf1+ 19. Rxf1 Qe7 20. Qf3 Kg8 21. Qg4 Rf8 22. Rxf8+ 1/2-1/2

[Event "Innsbruck op-B 3rd"]
[Site "Innsbruck"]
[Date "2019.08.28"]
[Round "6"]
[White "Widner, Stefan"]
[Black "Hager, Eberhard"]
[Result "1-0"]
[WhiteElo "1963"]
[BlackElo "1782"]
[PlyCount "53"]
[EventDate "2019.08.25"]
[EventType "swiss"]
[EventRounds "9"]
[EventCountry "AUT"]
[SourceTitle "EXT 2020"]
[Source "ChessBase"]
[SourceDate "2019.10.17"]
[SourceVersion "1"]
[SourceVersionDate "2019.10.17"]
[SourceQuality "1"]

1. e4 d6 2. d4 Nf6 3. Nc3 c6 4. f3 Nbd7 5. Be3 e5 6. Qd2 Be7 7. g4 h6 8. Nge2 exd4 9. Nxd4 Ne5 10. Be2 Nh7 11. 0-0-0 Qc7 12. Nf5 Bxf5 13. gxf5 0-0-0 14. f4 Nd7 15. Bc4 Rhf8 16. Rhg1 b5 17. Bxb5 cxb5 18. Nd5 Qb7 19. Nxe7+ Kb8 20. Qxd6+ Ka8 21. Qc6 Rfe8 22. Qxb7+ Kxb7 23. Nd5 Nhf6 24. e5 Nxd5 25. Rxd5 Kc6 26. Rd6+ Kb7 27. Rxg7 1-0

[Event "Innsbruck op-B 3rd"]
[Site "Innsbruck"]
[Date "2019.08.27"]
[Round "4"]
[White "Leitl, Stefan"]
[Black "Hager, Eberhard"]
[Result "1/2-1/2"]
[WhiteElo "1553"]
[BlackElo "1782"]
[PlyCount "162"]
[EventDate "2019.08.25"]
[EventType "swiss"]
[EventRounds "9"]
[EventCountry "AUT"]
[SourceTitle "EXT 2020"]
[Source "ChessBase"]
[SourceDate "2019.10.17"]
[SourceVersion "1"]
[SourceVersionDate "2019.10.17"]
[SourceQuality "1"]

1. Nf3 d5 2. c4 e6 3. cxd5 exd5 4. g3 Nf6 5. Bg2 Bd6 6. d4 c6 7. 0-0 0-0 8. Nc3 Re8 9. Qc2 h6 10. b3 Bg4 11. Nh4 Qd7 12. f3 Bh3 13. e4 Bxg2 14. Nxg2 dxe4 15. fxe4 Bb4 16. Ne2 Nxe4 17. Kh1 Qe7 18. Bf4 Ng5 19. Bxg5 Qxg5 20. Qc4 Qe7 21. Nef4 Na6 22. a3 Bd6 23. Rf2 Bxf4 24. Nxf4 Rad8 25. Raf1 Qe4+ 26. Ng2 Qxd4 27. Qxf7+ Kh8 28. Qxb7 Nc5 29. Qxc6 Nxb3 30. Nf4 Qc5 31. Qg6 Qxa3 32. Ne6 Rxe6 33. Qxe6 Nd4 34. Qe5 Nc6 35. Qb2 Qe7 36. Rf7 Qe4+ 37. Qg2 Qe6 38. Rf8+ Rxf8 39. Rxf8+ Kh7 40. Qc2+ g6 41. Qf2 Kg7 42. Kg1 Qe7 43. Rf3 Qd7 44. Qb2+ Kg8 45. Qf6 Qd4+ 46. Qxd4 Nxd4 47. Ra3 h5 48. Rxa7 Nf5 49. Kf2 Ng7 50. Kf3 Kh7 51. g4 hxg4+ 52. Kxg4 Kh6 53. Ra3 Ne6 54. Rb3 Nf8 55. Re3 Nd7 56. Rh3+ Kg7 57. Kg5 Nf8 58. Re3 Nh7+ 59. Kf4 Kh6 60. Rh3+ Kg7 61. Ke5 Nf8 62. Kd6 Nh7 63. Ra3 Nf6 64. Ke6 Nh7 65. Ra7+ Kh6 66. Kf7 Ng5+ 67. Kg8 Nf3 68. Rh7+ Kg5 69. Kg7 Nh4 70. Rh8 Nf5+ 71. Kh7 Nh4 72. Ra8 Kg4 73. Ra3 Kg5 74. h3 Nf5 75. Ra4 Nh4 76. Rg4+ Kh5 77. Rg1 g5 78. Rf1 Ng2 79. Rf6 Kh4 80. Rh6+ Kg3 81. Kg6 Nf4+ 1/2-1/2

[Event "Innsbruck op-B 3rd"]
[Site "Innsbruck"]
[Date "2019.08.26"]
[Round "3"]
[White "Hager, Eberhard"]
[Black "Kostic, Zoran"]
[Result "1-0"]
[WhiteElo "1782"]
[BlackElo "1629"]
[PlyCount "99"]
[EventDate "2019.08.25"]
[EventType "swiss"]
[EventRounds "9"]
[EventCountry "AUT"]
[SourceTitle "EXT 2020"]
[Source "ChessBase"]
[SourceDate "2019.10.17"]
[SourceVersion "1"]
[SourceVersionDate "2019.10.17"]
[SourceQuality "1"]

1. e4 c5 2. Nf3 a6 3. d4 e6 4. d5 d6 5. dxe6 Bxe6 6. Be2 Nc6 7. 0-0 Nf6 8. Nbd2 h6 9. b3 g5 10. Bb2 Bg7 11. Bc4 0-0 12. Bxe6 fxe6 13. Rb1 e5 14. c3 b5 15. a3 Ra7 16. h3 Qe8 17. Nh2 Nh5 18. g3 Qg6 19. Ng4 Nf6 20. Nxf6+ Bxf6 21. Qg4 Bd8 22. a4 h5 23. Qe2 b4 24. cxb4 Nxb4 25. Nc4 g4 26. h4 Qg7 27. Nxd6 Rf3 28. Nf5 Qf6 29. Qc4+ Kh7 30. Qxc5 Nc6 31. Bc1 Qe6 32. Be3 Rc7 33. Qd6 Qxd6 34. Nxd6 Rf6 35. Ne8 Rd7 36. Nxf6+ Bxf6 37. f3 gxf3 38. Rxf3 Kg6 39. Rbf1 Bd8 40. Rc1 Nb4 41. Bf2 Rd2 42. Rf5 Bf6 43. Rf1 Bg7 44. Be1 Rd4 45. Rg5+ Kh6 46. Bxb4 Rxb4 47. Rf7 Bh8 48. Rff5 Rxe4 49. Rxh5+ Kg6 50. Rfg5+ 1-0

[Event "Bad Wiessee Senioren Cup 8th"]
[Site "Bad Wiessee"]
[Date "2019.05.18"]
[Round "8"]
[White "Eschle, Hubert"]
[Black "Hager, Eberhard"]
[Result "1-0"]
[WhiteElo "1880"]
[BlackElo "1732"]
[PlyCount "63"]
[EventDate "2019.05.11"]
[EventType "swiss"]
[EventRounds "9"]
[EventCountry "GER"]
[SourceTitle "EXT 2020"]
[Source "ChessBase"]
[SourceDate "2019.10.17"]
[SourceVersion "1"]
[SourceVersionDate "2019.10.17"]
[SourceQuality "1"]

1. e4 d6 2. d4 Nf6 3. Nc3 c6 4. f4 Qa5 5. Bd3 e5 6. Be3 Ng4 7. Bd2 exd4 8. f5 Ne5 9. Nce2 Nxd3+ 10. cxd3 Qb6 11. Nf3 c5 12. Nf4 Nc6 13. 0-0 Ne5 14. Nd5 Qd8 15. Ng5 h6 16. Qh5 Be7 17. Ne6 Bxe6 18. fxe6 0-0 19. exf7+ Rxf7 20. Rxf7 Nxf7 21. Rf1 Ne5 22. Bf4 Qe8 23. Qh3 Bd8 24. Bxh6 Qg6 25. Bf4 c4 26. dxc4 Nxc4 27. Qb3 b5 28. Qxb5 Nb6 29. Nxb6 Bxb6 30. Qd5+ Kh7 31. Qxa8 Qg4 32. Rf3 1-0

[Event "Bad Wiessee Senioren Cup 8th"]
[Site "Bad Wiessee"]
[Date "2019.05.13"]
[Round "3"]
[White "Hager, Eberhard"]
[Black "Gutt, Oswald"]
[Result "1-0"]
[WhiteElo "1732"]
[BlackElo "1932"]
[PlyCount "59"]
[EventDate "2019.05.11"]
[EventType "swiss"]
[EventRounds "9"]
[EventCountry "GER"]
[SourceTitle "EXT 2020"]
[Source "ChessBase"]
[SourceDate "2019.10.17"]
[SourceVersion "1"]
[SourceVersionDate "2019.10.17"]
[SourceQuality "1"]

1. e4 d6 2. d4 Nf6 3. Bd3 g6 4. c3 Bg7 5. Nf3 0-0 6. 0-0 Nbd7 7. h3 e5 8. Bg5 c6 9. a4 Qc7 10. Qd2 Re8 11. dxe5 dxe5 12. Be3 Nf8 13. Na3 Be6 14. Qc2 Nh5 15. Bc4 Nf4 16. Ng5 Bxc4 17. Nxc4 h6 18. Nf3 g5 19. Rfd1 Re6 20. Rd2 Rg6 21. Rad1 h5 22. Nd6 Bf6 23. Nf5 g4 24. hxg4 hxg4 25. N3h4 Re8 26. Nxg6 N4xg6 27. Rd6 Re6 28. Rxe6 Nxe6 29. Nh6+ Kg7 30. Nxg4 1-0

[Event "Bad Wiessee Senioren Cup 8th"]
[Site "Bad Wiessee"]
[Date "2019.05.12"]
[Round "2"]
[White "De Polzer, Manfredi"]
[Black "Hager, Eberhard"]
[Result "0-1"]
[WhiteElo "1536"]
[BlackElo "1732"]
[PlyCount "96"]
[EventDate "2019.05.11"]
[EventType "swiss"]
[EventRounds "9"]
[EventCountry "GER"]
[SourceTitle "EXT 2020"]
[Source "ChessBase"]
[SourceDate "2019.10.17"]
[SourceVersion "1"]
[SourceVersionDate "2019.10.17"]
[SourceQuality "1"]

1. e4 d6 2. d4 Nf6 3. Nc3 c6 4. Be2 e6 5. f4 Be7 6. Nf3 0-0 7. 0-0 b5 8. a3 a6 9. Bd3 h6 10. Qe1 c5 11. Be3 Ng4 12. Bf2 Nxf2 13. Qxf2 cxd4 14. Nxd4 Nd7 15. Nc6 Qe8 16. Nxe7+ Qxe7 17. Rae1 Bb7 18. Qe3 Nc5 19. Be2 Rac8 20. Bf3 Bc6 21. Rf2 Qb7 22. Rd1 Qe7 23. Rfd2 Rfd8 24. b4 Na4 25. Nxa4 bxa4 26. c4 Bb7 27. Rd4 e5 28. fxe5 dxe5 29. R4d2 Rxd2 30. Qxd2 Rxc4 31. Qd8+ Qxd8 32. Rxd8+ Kh7 33. Rd7 Bxe4 34. Bxe4+ Rxe4 35. Rxf7 Re3 36. Rf3 Rxf3 37. gxf3 Kg6 38. Kg2 Kf5 39. Kg3 g5 40. h3 h5 41. Kg2 e4 42. Kf2 Kf4 43. fxe4 Kxe4 44. Kg3 Ke3 45. h4 gxh4+ 46. Kxh4 Kd3 47. Kxh5 Kc3 48. Kg4 Kb3 0-1

[Event "Bodensee Seniors op 4th"]
[Site "Bregenz"]
[Date "2018.05.09"]
[Round "4"]
[White "Hager, Eberhard"]
[Black "Gerhard, Walter"]
[Result "1/2-1/2"]
[WhiteElo "1768"]
[BlackElo "1989"]
[PlyCount "63"]
[EventDate "2018.05.06"]
[EventType "swiss"]
[EventRounds "7"]
[EventCountry "AUT"]
[SourceTitle "CBM 184 Extra"]
[Source "ChessBase"]
[SourceDate "2018.06.28"]
[SourceVersion "1"]
[SourceVersionDate "2018.06.28"]
[SourceQuality "1"]

1. e4 c6 2. d4 d5 3. e5 c5 4. c3 cxd4 5. cxd4 Nc6 6. Nf3 Bf5 7. Bd3 Bxd3 8. Qxd3 e6 9. 0-0 Nge7 10. a3 Qb6 11. Nc3 Ng6 12. b4 Be7 13. Ne2 0-0 14. Nf4 Nxf4 15. Bxf4 a6 16. Be3 Rac8 17. Nd2 Qb5 18. Qb1 Na7 19. Rc1 Rxc1+ 20. Qxc1 Rc8 21. Qd1 b6 22. Rc1 Rxc1 23. Qxc1 Qc6 24. Qxc6 Nxc6 25. Nb1 b5 26. Kf1 a5 27. bxa5 Nxa5 28. Ke2 Nc4 29. Bc1 Kf8 30. Kd1 Ke8 31. Nc3 Nxa3 32. Bxa3 1/2-1/2

[Event "Bad Woerishofen op 34th"]
[Site "Bad Woerishofen"]
[Date "2018.03.03"]
[Round "9"]
[White "Hager, Eberhard"]
[Black "Kearsley, Raymond J"]
[Result "0-1"]
[WhiteElo "1805"]
[BlackElo "1616"]
[PlyCount "57"]
[EventDate "2018.02.23"]
[EventType "swiss"]
[EventRounds "9"]
[EventCountry "GER"]
[SourceTitle "EXT 2019"]
[Source "ChessBase"]
[SourceDate "2018.10.10"]
[SourceVersion "1"]
[SourceVersionDate "2018.10.10"]
[SourceQuality "1"]

1. e4 c5 2. Nf3 g6 3. c3 Bg7 4. d4 cxd4 5. cxd4 d5 6. e5 Nc6 7. Nc3 Nh6 8. h3 f6 9. Be2 Nf7 10. exf6 Bxf6 11. 0-0 0-0 12. Bf4 a6 13. Re1 e6 14. Bf1 Bg7 15. Bg3 Nd6 16. Ne5 Nf5 17. Nxc6 bxc6 18. Be5 Bxe5 19. dxe5 Qh4 20. Qd2 c5 21. b3 Bb7 22. Na4 c4 23. Rac1 Rac8 24. bxc4 dxc4 25. Nb6 Rcd8 26. Qb2 Nd4 27. Rxc4 Qf4 28. Na4 Nf3+ 29. Kh1 0-1

[Event "Prague Holiday K11"]
[Site "Prague"]
[Date "2016.07.17"]
[Round "1"]
[White "Hager, Eberhard"]
[Black "Koubova, Anna Marie"]
[Result "1/2-1/2"]
[WhiteElo "1778"]
[BlackElo "1779"]
[PlyCount "67"]
[EventDate "2016.07.17"]
[EventType "tourn"]
[EventRounds "9"]
[EventCountry "CZE"]
[SourceTitle "EXT 2023"]
[Source "ChessBase"]
[SourceDate "2022.10.05"]
[SourceVersion "1"]
[SourceVersionDate "2022.10.05"]
[SourceQuality "1"]

1. e4 c5 2. Nf3 d6 3. d4 cxd4 4. Nxd4 Nf6 5. Nc3 g6 6. Bb5+ Bd7 7. Bxd7+ Nbxd7 8. 0-0 Bg7 9. Kh1 0-0 10. Be3 Ne5 11. f3 d5 12. exd5 Nxd5 13. Nxd5 Qxd5 14. c3 Nc4 15. Qe2 Nxe3 16. Qxe3 Bxd4 17. cxd4 e6 18. b3 Rad8 19. Rfd1 Rd7 20. Rac1 Rfd8 21. f4 Qa5 22. Qf2 e5 23. fxe5 Qxe5 24. Qf3 Rxd4 25. Rxd4 Qxd4 26. Rf1 Rd7 27. h3 Qd5 28. Qe3 b6 29. Rc1 Rd8 30. Qe7 Qd7 31. Qe5 Re8 32. Qf4 Re7 33. Qb8+ Re8 34. Qf4 1/2-1/2

[Event "Prague Holiday K11"]
[Site "Prague"]
[Date "2016.07.17"]
[Round "3"]
[White "Hager, Eberhard"]
[Black "Spindler, Markus"]
[Result "0-1"]
[WhiteElo "1778"]
[BlackElo "1985"]
[PlyCount "104"]
[EventDate "2016.07.17"]
[EventType "tourn"]
[EventRounds "9"]
[EventCountry "CZE"]
[SourceTitle "EXT 2023"]
[Source "ChessBase"]
[SourceDate "2022.10.05"]
[SourceVersion "1"]
[SourceVersionDate "2022.10.05"]
[SourceQuality "1"]

1. e4 e5 2. Nf3 Nc6 3. Bb5 a6 4. Bxc6 dxc6 5. 0-0 Bg4 6. h3 Bxf3 7. Qxf3 Nf6 8. d3 h6 9. Nd2 Bd6 10. Nc4 Qe7 11. Bd2 0-0-0 12. a3 Nd7 13. Nxd6+ cxd6 14. c4 g5 15. b4 Rdg8 16. Qe3 h5 17. g3 Qe6 18. Kg2 f5 19. exf5 Qxf5 20. Bc3 Rf8 21. d4 g4 22. h4 Qf3+ 23. Kg1 Nb6 24. dxe5 Nxc4 25. Qe1 Re8 26. e6 Rh6 27. e7 Kd7 28. Qc1 Re6 29. Bd4 Ne5 30. a4 R8xe7 31. b5 Qd5 32. bxc6+ Qxc6 33. Qxc6+ Nxc6 34. Be3 Ne5 35. Rab1 Nf3+ 36. Kh1 Kc8 37. Rfd1 Rd7 38. Rd5 Re5 39. Rd3 Re4 40. a5 Kd8 41. Bf4 d5 42. Rc3 d4 43. Rd3 Re2 44. Kg2 Ra2 45. Bg5+ Nxg5 46. hxg5 Rxa5 47. f4 gxf3+ 48. Rxf3 Rxg5 49. Rf8+ Ke7 50. Rbf1 d3 51. R1f6 d2 52. R8f7+ Kd8 0-1

[Event "Bad Woerishofen Seniors op 32nd"]
[Site "Bad Woerishofen"]
[Date "2016.03.01"]
[Round "5"]
[White "Abel, Hans Peter"]
[Black "Hager, Eberhard"]
[Result "1/2-1/2"]
[WhiteElo "1928"]
[BlackElo "1745"]
[PlyCount "66"]
[EventDate "2016.02.26"]
[EventType "swiss"]
[EventRounds "9"]
[EventCountry "GER"]
[SourceTitle "EXT 2019"]
[Source "ChessBase"]
[SourceDate "2018.10.10"]
[SourceVersion "1"]
[SourceVersionDate "2018.10.10"]
[SourceQuality "1"]

1. Nf3 Nf6 2. c4 e6 3. d4 d5 4. g3 c6 5. Qc2 Bb4+ 6. Bd2 Bxd2+ 7. Nbxd2 Nbd7 8. Bg2 0-0 9. 0-0 Re8 10. Rac1 Nf8 11. Ne5 Ng6 12. Nxg6 hxg6 13. h3 a6 14. a3 e5 15. dxe5 Rxe5 16. cxd5 Nxd5 17. e3 Nf6 18. Rcd1 Qc7 19. Nf3 Re7 20. Rd2 Bf5 21. Qc1 Rd8 22. Rxd8+ Qxd8 23. Rd1 Qc8 24. Ng5 Nh7 25. e4 Be6 26. Nxh7 Kxh7 27. Qg5 Rd7 28. Re1 Kg8 29. f4 Rd3 30. g4 Qd7 31. Qc5 Rd2 32. Qc3 Rd3 33. Qc5 Rd2 1/2-1/2

[Event "Prague Holiday K21"]
[Site "Prague"]
[Date "2015.07.30"]
[Round "7"]
[White "Hager, Eberhard"]
[Black "Stoilov, Bojan"]
[Result "1-0"]
[WhiteElo "1824"]
[BlackElo "1718"]
[PlyCount "29"]
[EventDate "2015.07.26"]
[EventType "tourn"]
[EventRounds "9"]
[EventCountry "CZE"]
[SourceTitle "EXT 2017"]
[Source "ChessBase"]
[SourceDate "2016.10.25"]
[SourceVersion "1"]
[SourceVersionDate "2016.10.25"]
[SourceQuality "1"]

1. e4 e5 2. Nf3 Nf6 3. Nxe5 Qe7 4. Nf3 Nxe4 5. Be2 d6 6. 0-0 Be6 7. Nd4 a6 8. Nxe6 fxe6 9. Bf3 d5 10. c4 c6 11. cxd5 cxd5 12. Bxe4 dxe4 13. Qa4+ Nc6 14. Qxe4 g6 15. Re1 1-0

[Event "Prague Holiday K21"]
[Site "Prague"]
[Date "2015.07.29"]
[Round "6"]
[White "Dobias, Daniel"]
[Black "Hager, Eberhard"]
[Result "1-0"]
[WhiteElo "1781"]
[BlackElo "1824"]
[PlyCount "60"]
[EventDate "2015.07.26"]
[EventType "tourn"]
[EventRounds "9"]
[EventCountry "CZE"]
[SourceTitle "EXT 2017"]
[Source "ChessBase"]
[SourceDate "2016.10.25"]
[SourceVersion "1"]
[SourceVersionDate "2016.10.25"]
[SourceQuality "1"]

1. e4 d6 2. d4 Nf6 3. Nc3 c6 4. f4 Qa5 5. Bd3 e5 6. fxe5 dxe5 7. dxe5 Ng4 8. h4 Nxe5 9. Nf3 Nxd3+ 10. Qxd3 Be7 11. 0-0 Nd7 12. Nd4 0-0 13. Nf5 Bf6 14. Qg3 Ne5 15. Bg5 Bxg5 16. Qxg5 Bxf5 17. Qxf5 Qb6+ 18. Kh1 Nc4 19. Nd1 Rad8 20. b3 Na3 21. c4 Qd4 22. Nf2 Qb6 23. Rad1 Rxd1 24. Rxd1 Nc2 25. Ng4 c5 26. Rd5 Rd8 27. Ne5 Rf8 28. Nd7 g6 29. Qf2 Qe6 30. Qxc2 Rd8 1-0

[Event "Prague Holiday K21"]
[Site "Prague"]
[Date "2015.07.26"]
[Round "2"]
[White "Kunc, Jan"]
[Black "Hager, Eberhard"]
[Result "1/2-1/2"]
[WhiteElo "1685"]
[BlackElo "1824"]
[PlyCount "97"]
[EventDate "2015.07.26"]
[EventType "tourn"]
[EventRounds "9"]
[EventCountry "CZE"]
[SourceTitle "EXT 2017"]
[Source "ChessBase"]
[SourceDate "2016.10.25"]
[SourceVersion "1"]
[SourceVersionDate "2016.10.25"]
[SourceQuality "1"]

1. e4 d6 2. d4 Nf6 3. Nc3 c6 4. f4 Qa5 5. Bd3 Qb6 6. Nf3 e6 7. 0-0 Nbd7 8. e5 Nd5 9. Kh1 Nxc3 10. bxc3 Be7 11. Ba3 dxe5 12. Bxe7 Kxe7 13. fxe5 h6 14. Nd2 Qc7 15. Nc4 f6 16. Qh5 Nb6 17. Nd6 Rf8 18. Qg6 Kd8 19. Rf3 Qe7 20. Raf1 Nd7 21. Qh5 a5 22. Ne4 a4 23. exf6 Nxf6 24. Nxf6 gxf6 25. Qxh6 f5 26. Re3 Qd6 27. Rxf5 Rxf5 28. Bxf5 Qa3 29. Qf6+ Kc7 30. Qe5+ Kb6 31. Bxe6 Ra5 32. Qe4 Bxe6 33. Qxe6 Qc1+ 34. Re1 Qxc2 35. c4 Rg5 36. c5+ Ka7 37. Qe2 Qg6 38. Qd2 Kb8 39. Qf4+ Ka8 40. Qe4 Qg7 41. Rb1 Rg4 42. Qf5 Rxd4 43. Qc2 Qd7 44. h3 Kb8 45. Qf2 Qd5 46. Qb2 Qd7 47. Qb6 Rd2 48. Rf1 Qg7 49. Rg1 1/2-1/2

[Event "Merano Gold Cup 42nd"]
[Site "Merano"]
[Date "2014.04.27"]
[Round "3"]
[White "Perman, Denis"]
[Black "Hager, Eberhard"]
[Result "1-0"]
[WhiteElo "1835"]
[BlackElo "1882"]
[PlyCount "43"]
[EventDate "2014.04.25"]
[EventType "swiss"]
[EventRounds "9"]
[EventCountry "ITA"]
[SourceTitle "EXT 2015"]
[Source "ChessBase"]
[SourceDate "2014.11.20"]
[SourceVersion "1"]
[SourceVersionDate "2014.11.20"]
[SourceQuality "1"]

1. e4 d6 2. d4 Nf6 3. Nc3 c6 4. f4 Qa5 5. Bd3 e5 6. dxe5 dxe5 7. fxe5 Qxe5 8. Nf3 Qc7 9. 0-0 Bc5+ 10. Kh1 Ng4 11. Qe2 0-0 12. h3 Ne5 13. Nxe5 Qxe5 14. Bf4 Qe7 15. e5 Na6 16. Qh5 g6 17. Qh6 f5 18. exf6 Rxf6 19. Bg5 Rxf1+ 20. Rxf1 Qe8 21. Ne4 Bd4 22. Bf6 1-0